000 00294nam a2200121Ia 4500
008 240731s9999 xx 000 0 und d
022 _a1563-5112
245 0 _aFerroelectrics
260 _bTaylor & Francis
856 _uhttps://www.tandfonline.com/loi/gfer20
942 _2ddc
942 _cTFEJ
999 _c76618
_d76618
945 _a1
_bMadushi Gamage
_c1
_dMadushi Gamage